THE SELAR ALTERNATIVE AN ECONOMIC PERSPECTIVE (Record no. 580273)

000 -LEADER
fixed length control field 00311nam a22001217a 4500
020 ## - INTERNATIONAL STANDARD BOOK NUMBER
International Standard Book Number 0-13-822262-2
082 ## - DEWEY DECIMAL CLASSIFICATION NUMBER
Classification number 333.7923 WAL'S
100 ## - MAIN ENTRY--PERSONAL NAME
Personal name WALTON, A.L,WARREN, E.H
9 (RLIN) 74773
245 ## - TITLE STATEMENT
Title THE SELAR ALTERNATIVE AN ECONOMIC PERSPECTIVE
260 ## - PUBLICATION, DISTRIBUTION, ETC.
Place of publication, distribution, etc. NEWYORK
Name of publisher, distributor, etc. PRENTIC HALL
Date of publication, distribution, etc. 1982
300 ## - PHYSICAL DESCRIPTION
Extent 173P
942 ## - ADDED ENTRY ELEMENTS (KOHA)
Koha item type Book
Holdings
Withdrawn status Lost status Damaged status Not for loan Permanent Location Current Location Shelving location Date acquired Total Checkouts Full call number Barcode Date last seen Price effective from Koha item type
        College of Electrical & Mechanical Engineering (CEME) College of Electrical & Mechanical Engineering (CEME) General Stacks 05/10/2017   333.7923 WAL'S CEME-15446 06/28/2021 06/28/2021 Book
© 2023 Central Library, National University of Sciences and Technology. All Rights Reserved.